000 00654nam a2200241Ia 4500
003 OSt
005 20220918200624.0
006 a|||||r|||| 00| 0
007 ta
008 220917b |||||||| |||| 00| 0 eng d
024 _a89,571
037 _cTextual
040 _aARTS
_cARTS
_beng
041 _2eng
_aeng
082 _aU5.1, H6
100 _aVan Valkenburg SDamuel
_994884
245 0 _aElements of political geography
260 _c1946
490 _aPrentice hall geography series ed by Nel;s A Bengton; 1
650 _aGEOPOLITICS
_940978
942 _hU5.1, H6
_cTEXL
_2CC
999 _c213241
_d213241